Разработка системы управления коллекторным электроприводом в составе диагностического комплекса "Профиль"; Электротехника, электромеханика и электротехнологии; Т. 2: Секция 3-7. Электропривод. Автоматизация технологических процессов

Detalles Bibliográficos
Parent link:Электротехника, электромеханика и электротехнологии: труды IX региональной научно-практической студенческой конференции, 2-5 июня 2009 г., Томск/ Томский политехнический университет (ТПУ), Электротехнический институт (ЭЛТИ).— , 2009
Т. 2: Секция 3-7. Электропривод. Автоматизация технологических процессов.— 2009.— С. 28-32
Autor Principal: Васильев А. С.
Outros autores: Боровиков Ю. С. Юрий Сергеевич (научный руководитель)
Idioma:ruso
Publicado: 2009
Subjects:
Formato: MixedMaterials Capítulo de libro
KOHA link:https://koha.lib.tpu.ru/cgi-bin/koha/opac-detail.pl?biblionumber=198195

MARC

LEADER 00000naa2a2200000 4500
001 198195
005 20260126131941.0
035 |a (RuTPU)RU\TPU\book\216182 
090 |a 198195 
100 |a 20110624d2009 k y0rusy50 ca 
101 0 |a rus 
102 |a RU 
200 1 |a Разработка системы управления коллекторным электроприводом в составе диагностического комплекса "Профиль"  |f А. С. Васильев  |g науч. рук. Ю. С. Боровиков 
461 1 |0 (RuTPU)RU\TPU\book\209139  |t Электротехника, электромеханика и электротехнологии  |o труды IX региональной научно-практической студенческой конференции, 2-5 июня 2009 г., Томск  |f Томский политехнический университет (ТПУ), Электротехнический институт (ЭЛТИ)  |d 2009 
463 1 |0 (RuTPU)RU\TPU\book\208722  |t Т. 2: Секция 3-7. Электропривод. Автоматизация технологических процессов  |v С. 28-32  |d 2009 
610 1 |a системы управления 
610 1 |a электроприводы 
610 1 |a коллекторные электроприводы 
610 1 |a диагностика 
610 1 |a диагностические комплексы 
610 1 |a разработка 
610 1 |a структурные схемы 
610 1 |a принципиальные схемы 
610 1 |a интерфейсы 
610 1 |a труды учёных ТПУ 
700 1 |a Васильев  |b А. С. 
702 1 |a Боровиков  |b Ю. С.  |c специалист в области электроэнергетики  |c проректор-директор Энергетического института Томского политехнического университета, кандидат технических наук  |f 1978-  |g Юрий Сергеевич  |4 727 
801 1 |a RU  |b 63413507  |c 20110624 
801 2 |a RU  |b 63413507  |c 20140313  |g RCR 
942 |c BK